00846nam a2200217 a 450000100100000000500170001000800410002704000250006808200180009310000280011124500910013925000290023026000510025930000260031050000800033665000320041665000380044804900090048695201160049599900170061100002259920200930021707.0101013s1974 xxu 000 0 spa d aDO-SdBNPbspacBNPHU a333.43bR256g1 aRavines, Eudocio94651013aLa gran estafa :b(la penetración del Kremlin en Iberoamérica) /cEudocio Ravines. a10a ed. rev. y ampliada. aEstados Unidos :bLectorum corporation,c1974. axix, 441 p. ;c22 cm. aTítulo de la cubierta : La gran estafa antes y después de Solzhenitsyn. 4aEstrategia comunista946511 4aComunismozAmérica Latina96841 aBNPD 001050718MOaGRbGRcCTd2010-10-13iLF1l0o333.43 R256gp22599-10r2020-06-25w2020-06-25y1ZNo se presta c22096d22096